000 00432nam a2200181Ia 4500
001 8703
005 20260306160629.0
008 260306t2007||||xx |||||||||||||| ||spa||
041 _aESP
082 _a371.102
_bG69
100 _aGonzález, Diego
_eAUT
245 0 _aDidáctica o dirección del aprendizaje
260 _c2007
300 _a324 páginas :
_c24 cm.
650 _aGEN
654 _aCED
942 _cLIB
_dJUS
_fJUS
_2ddc
_n
999 _c8703
_d8703